|
|
|
|
| LEADER |
00000nam0a2200000 4500 |
| 001 |
73044 |
| 005 |
20231031084051.0 |
| 035 |
|
|
|a (RuTPU)RU\TPU\book\77887
|
| 090 |
|
|
|a 73044
|
| 100 |
|
|
|a 20050208d1955 m y0rusy50 ca
|
| 101 |
0 |
|
|a rus
|
| 102 |
|
|
|a RU
|
| 105 |
|
|
|a a j 001zy
|
| 200 |
1 |
|
|a Технология керамики и огнеупоров
|e учебник
|f П. П. Будников, А. С. Бережной, И. А. Булавин и др.
|g под ред. П. П. Будникова
|
| 205 |
|
|
|a Изд. 2-е, переработ.
|
| 210 |
|
|
|a Москва
|c Промстройиздат
|d 1955
|
| 215 |
|
|
|a 699 с.
|c ил.
|
| 320 |
|
|
|a Библиогр.: с. 690-694.
|
| 610 |
1 |
|
|a строительная керамика
|
| 610 |
1 |
|
|a кирпичи
|
| 610 |
1 |
|
|a облицовочные изделия
|
| 610 |
1 |
|
|a черепица
|
| 610 |
1 |
|
|a кафели
|
| 610 |
1 |
|
|a огнеупорные материалы
|
| 610 |
1 |
|
|a тонкая керамика
|
| 610 |
1 |
|
|a глазури
|
| 610 |
1 |
|
|a керамические краски
|
| 610 |
1 |
|
|a гипсовые формы
|
| 610 |
1 |
|
|a фарфор
|
| 610 |
1 |
|
|a фаянс
|
| 610 |
1 |
|
|a учебники
|
| 675 |
|
|
|a 666(075.8)
|v 3
|
| 701 |
|
1 |
|a Будников
|b П. П.
|g Петр Петрович
|
| 701 |
|
1 |
|a Бережной
|b А. С.
|g Анатолий Семенович
|
| 701 |
|
1 |
|a Булавин
|b И. А.
|g Иван Анисимович
|
| 701 |
|
1 |
|a Гриссик
|b Б. М.
|g Борис Михайлович
|
| 701 |
|
1 |
|a Куколев
|b Г. В.
|g Григорий Владимирович
|
| 701 |
|
1 |
|a Полубояринов
|b Д. Н.
|g Дмитрий Николаевич
|
| 702 |
|
1 |
|a Будников
|b П. П.
|g Петр Петрович
|4 340
|
| 801 |
|
1 |
|a RU
|b 63413507
|c 20050208
|g PSBO
|
| 801 |
|
2 |
|a RU
|b 63413507
|c 20180518
|g PSBO
|
| 900 |
|
|
|a Химическая технология керамики и огнеупоров
|
| 942 |
|
|
|c BK
|